Труды ГОИ. Т. 7, Вып. 75: Сравнительная оценка методов определения изоэлектрической точки желатины (Запись № 3391236)

Подробности
000 -МАРКЕР
контрольное поле 01414nam2a22003011 4500
001 - ИДЕНТИФИКАТОР ЗАПИСИ
контрольное поле RU\NLR\INFOCOMM15\1000131853
005 - ИДЕНТИФИКАТОР ВЕРСИИ
контрольное поле 20250617121518.0
035 ## - ДРУГИЕ СИСТЕМНЫЕ НОМЕРА
Идентификатор записи (NLR Aleph) 002594760
100 ## - ДАННЫЕ ОБЩЕЙ ОБРАБОТКИ
Данные общей обработки 20040609d1931 |||y0rusy50 ca
101 0# - ЯЗЫК РЕСУРСА
Язык текста, звукозаписи и т.д. русский
Язык резюме немецкий
102 ## - СТРАНА ПУБЛИКАЦИИ ИЛИ ПРОИЗВОДСТВА
Страна публикации Российская Федерация
105 ## - ПОЛЕ КОДИРОВАННЫХ ДАННЫХ: ТЕКСТОВЫЕ МАТЕРИАЛЫ, МОНОГРАФИЧЕСКИЕ
Кодированные данные о монографическом текстовом документе a |||||||||
200 1# - ЗАГЛАВИЕ И СВЕДЕНИЯ ОБ ОТВЕТСТВЕННОСТИ
Основное заглавие Сравнительная оценка методов определения изоэлектрической точки желатины
Первые сведения об ответственности Г.П. Фаерман
210 ## - ПУБЛИКАЦИЯ, РАСПРОСТРАНЕНИЕ И ДР.
Дата издания, распространения и т.д. 1931
Место издания, распространения и т.д. Б. м.
215 ## - ФИЗИЧЕСКАЯ ХАРАКТЕРИСТИКА
Специфическое обозначение материала и объем 321-334 с.
Другие сведения о физической характеристике ил.
Размеры 25х18
300 ## - ОБЩИЕ ПРИМЕЧАНИЯ
Текст примечания Отд. отт. из Журн. прикл. химии, т. IV, № 2-3
300 ## - ОБЩИЕ ПРИМЕЧАНИЯ
Текст примечания Без тит. л. Описано по обложке
300 ## - ОБЩИЕ ПРИМЕЧАНИЯ
Текст примечания Резюме на нем. яз.
461 #0 - УРОВЕНЬ НАБОРА
Встроенное поле 001RU\NLR\INFOCOMM15\1000131780
-- 2001#$aТруды Государственного оптического института$vТ. 7, Вып. 75
Системный номер (АБИС) связанной записи 2382893
Автор "Оптический институт им. С. И. Вавилова", всероссийский научный центр (Санкт-Петербург)
Место публикации СПб.
Дата публикации 1919 -
Заглавие Труды ГОИ
ISSN 0371-7100
Номер тома Т. 7, Вып. 75
700 #1 - ИМЯ ЛИЦА - ПЕРВИЧНАЯ ОТВЕТСТВЕННОСТЬ
Начальный элемент ввода Фаерман
Часть имени, кроме начального элемента ввода Г. П.
Даты 1903-
Расширение инициалов личного имени Григорий Павлович
801 #1 - ИСТОЧНИК ЗАПИСИ
Страна Российская Федерация
Организация InfoComm
Дата составления 20040609
801 #0 - ИСТОЧНИК ЗАПИСИ
Страна Российская Федерация
Организация NLR
Правила каталогизации PSBO
852 ## - МЕСТОНАХОЖДЕНИЕ И ШИФР ХРАНЕНИЯ
Идентификатор организации NLR
Шифр хранения (Call Number) П7/463
942 ## - ДОПОЛНИТЕЛЬНЫЕ ЭЛЕМЕНТЫ ЗАПИСИ (АБИС)
Тип экземпляра АБИС Выпуск
980 ## - КОЛЛЕКЦИЯ
Название коллекции Национальная библиография
980 ## - КОЛЛЕКЦИЯ
Название коллекции Русская периодика

Нет доступных экземпляров.